Fiscal federalism in Europe. Lessons from the United States experience.
Problematika ekonomickej politiky existujúcich politických a legislatívnych inštitúcií. Spochybnenie múdrosti centralizovaných fiškálnych režimov. "Nový federalizmus" v USA a snaha o centralizovanejší ekonomický poriadok v západnej Európe v rámci ES oproti decentralizačným snahám východnej Európy a...
Na minha lista:
| Autor principal: | |
|---|---|
| Outros Autores: | |
| Formato: | Capítulo de Livro |
| Idioma: | inglês |
| Assuntos: | |
| Tags: |
Sem tags, seja o primeiro a adicionar uma tag!
|
MARC
| LEADER | 00000naa a2200000 4500 | ||
|---|---|---|---|
| 001 | r009548 | ||
| 005 | 20221130112800.2 | ||
| 041 | 0 | |a eng | |
| 044 | |a NL | ||
| 245 | 1 | 0 | |a Fiscal federalism in Europe. |b Lessons from the United States experience. |c Robert P. Inman, D.L. Rubinfeld |
| 520 | |a Problematika ekonomickej politiky existujúcich politických a legislatívnych inštitúcií. Spochybnenie múdrosti centralizovaných fiškálnych režimov. "Nový federalizmus" v USA a snaha o centralizovanejší ekonomický poriadok v západnej Európe v rámci ES oproti decentralizačným snahám východnej Európy a bývalých sovietskych štátov. Návrh projektu fiškálnych inštitúcií ES. | ||
| 610 | 2 | 0 | |a politika fiškálna |
| 610 | 2 | 0 | |a politika hospodárska |
| 610 | 2 | 0 | |a centralizmus |
| 610 | 2 | 0 | |a decentralizácia |
| 610 | 2 | 0 | |a Európa |
| 610 | 2 | 0 | |a USA |
| 610 | 2 | 0 | |a Európske spoločenstvá |
| 100 | 1 | |a Inman, Robert P. | |
| 700 | 1 | |a Rubinfeld, D.L. | |